| 000 | 00916nam a2200253Ia 4500 | ||
|---|---|---|---|
| 003 | CO-CtgCURN | ||
| 005 | 20250408171231.0 | ||
| 008 | 190723s2007 ck f 000 0 spa d | ||
| 020 | _a9789586535878 | ||
| 040 |
_aCO-CtgCURN _bspa _ccoctgcurn |
||
| 082 |
_a344.02 _bA681d |
||
| 100 |
_aArenas Monsalve, Gerardo _91827 |
||
| 245 | 0 |
_aEl derecho colombiano de la seguridad social / _cGerardo Arenas Monsalve |
|
| 250 | _a2 edición | ||
| 260 |
_aBogotá, Colombia : _bLegis, _c2007 |
||
| 300 |
_a757 páginas ; _c23 centímetros |
||
| 521 | _aAREA PROFESIONAL | ||
| 590 | _aPrograma de Derecho_18 | ||
| 650 |
_aDerecho laboral _xLegislación _zColombia _91828 |
||
| 650 |
_aSeguridad social _xLegislación _zColombia _91829 |
||
| 942 |
_cBK _h344.02 _iA681d _2ddc _n0 |
||
| 999 |
_c28661 _d28661 |
||